Normal view
MARC view
Entry Topical Term
001 - CONTROL NUMBER
- control field: 1235500
003 - CONTROL NUMBER IDENTIFIER
- control field: OSt
005 - DATE AND TIME OF LATEST TRANSACTION
- control field: 20260423122140.0
008 - FIXED-LENGTH DATA ELEMENTS
- fixed length control field: 260423|| aca||aabn | a|a d
040 ## - CATALOGING SOURCE
- Original cataloging agency: OSt
- Transcribing agency: OSt
150 ## - HEADING--TOPICAL TERM
- Topical term or geographic name entry element: Sri Lanka-Foreign Relations
670 ## - SOURCE DATA FOUND
- Source citation: Work cat.: (OSt)1678508: Silva, Sanath Chandana De 1113193, Nuclear complexities in South Asia: , 2026.
